| 000 | 00556cam a2200205 4500 | ||
|---|---|---|---|
| 001 | D7065 | ||
| 008 | 090401t1965 xxu||||| |||| 00| 0 eng d | ||
| 035 | _a(Sirsi) u5016 | ||
| 041 | _aeng | ||
| 050 | _a690.2 | ||
| 100 | _aMelville, Ian A. | ||
| 245 | _aStructural surveys of dwelling-houses, with a chapter on the legal position of the surveyor, by Peter Scott | ||
| 250 | _aRevised ed. | ||
| 260 |
_aLondon _bEstates Gazette _c1965 |
||
| 300 | _aix. 259p. 22cm | ||
| 350 | _a1.5 | ||
| 700 | _aGordon, Ian A. | ||
| 942 | _n0 | ||
| 948 | _c04/03/1997 | ||
| 999 |
_c86106 _d86106 |
||